Shaping Sound Musicians (Record no. 16041)
[ view plain ]
| 000 -LEADER | |
|---|---|
| fixed length control field | 00411nam a22001217a 4500 |
| 008 - FIXED-LENGTH DATA ELEMENTS--GENERAL INFORMATION | |
| fixed length control field | 160809b xxu||||| |||| 00| 0 eng d |
| 020 ## - INTERNATIONAL STANDARD BOOK NUMBER | |
| International Standard Book Number | 1579992110 |
| 100 ## - MAIN ENTRY--PERSONAL NAME | |
| Personal name | O'toole, Patricia |
| 245 ## - TITLE STATEMENT | |
| Title | Shaping Sound Musicians |
| Remainder of title | An innovative approach to teaching comprehensive musicianship through performance |
| Statement of responsibility, etc. | Patricia O'toole |
| 260 ## - PUBLICATION, DISTRIBUTION, ETC. (IMPRINT) | |
| Place of publication, distribution, etc. | Chigago |
| Name of publisher, distributor, etc. | GIA Publications |
| Date of publication, distribution, etc. | 2003 |
| 300 ## - PHYSICAL DESCRIPTION | |
| Extent | xiv, 395p. |
| 942 ## - ADDED ENTRY ELEMENTS (KOHA) | |
| Source of classification or shelving scheme | Library of Congress Classification |
| Koha item type | General Collection |
| Withdrawn status | Lost status | Source of classification or shelving scheme | Not for loan | Home library | Current library | Date acquired | Cost, normal purchase price | Total Checkouts | Full call number | Barcode | Date last seen | Price effective from | Koha item type |
|---|---|---|---|---|---|---|---|---|---|---|---|---|---|
| Library of Congress Classification | Kabarak, Main Campus | Kabarak, Main Campus | 09/08/2016 | 6090.00 | ML3805 .O58 2003 c.1 | 027036 | 09/08/2016 | 09/08/2016 | General Collection |